| 000 | 00921ata a2200337 4500 | ||
|---|---|---|---|
| 005 | 20250821154424.0 | ||
| 008 | 150521b2001 xxu||||| |||| 00| 0 spa d | ||
| 020 | _a9789682323171 | ||
| 041 | _aESP | ||
| 082 | _a362.88 M182n | ||
| 100 |
_aMadriz, Esther _930287 |
||
| 245 | _aA las niñas buenas no les pasa nada malo | ||
| 260 | _aMéxico | ||
| 260 | _bSiglo XXI | ||
| 260 | _c2001 | ||
| 300 | _a120 páginas | ||
| 650 | _aVICTIMOLOGÍA | ||
| 650 | _aVIOLENCIA CONTRA LAS MUJERES | ||
| 650 | _aFANTASMA DEL MIEDO | ||
| 650 | _aDELITOS CONTRA LAS MUJERES | ||
| 650 | _aCONTROL SOCIAL | ||
| 650 | _aMIEDO A LA DELINCUENCIA | ||
| 650 | _aVÍCTIMAS INOCENTES | ||
| 650 | _aVÍCTIMAS CULPABLES | ||
| 650 | _aCREACIÓN DE PROSCRITOS | ||
| 650 | _aCRIMINALES DESHUMANIZADOS | ||
| 650 | _aMANEJO DEL MIEDO | ||
| 650 | _aCAUSAS DE DELINCUENCIA | ||
| 650 | _aPROTECCIÓN INFANTIL | ||
| 942 |
_cBK _2ddc |
||
| 999 |
_c5853 _d5853 |
||